Virgilio: bucólicas, geórgicas, eneida, una introducción / pres. y bibliografía de francisca moya del baño, trad. por antonio mauriz martínez, rev. por francisca moya del baño, michael von albrecht
Guardado en:
| Autor Principal: | |
|---|---|
| Otros Autores: | , |
| Formato: | Libro |
| Publicado: |
Murcia :
Universidad de Murcia,
2012
|
| Materias: | |
| Etiquetas: |
Agregar Etiqueta
Sin Etiquetas, Sea el primero en etiquetar este registro!
|
| LEADER | 00939nam a22002295a 4500 | ||
|---|---|---|---|
| 001 | EHU.bham045604 | ||
| 003 | AR-BHAM | ||
| 005 | 20190527102057.0 | ||
| 008 | 130507s2012##################000#0#####d | ||
| 020 | |a 9788483718070 | ||
| 082 | 8 | 7 | |a 873.07 |
| 100 | 1 | |a Albrecht, Michael von | |
| 245 | 1 | 0 | |a Virgilio: bucólicas, geórgicas, eneida, una introducción / |b pres. y bibliografía de francisca moya del baño, trad. por antonio mauriz martínez, rev. por francisca moya del baño, michael von albrecht |c Albrecht, Michael Von : |
| 260 | |a Murcia : |b Universidad de Murcia, |c 2012 | ||
| 300 | |a 474 p. | ||
| 500 | |a Ejemplar fotocopiado | ||
| 600 | 1 | 4 | |a Virgilio Marón, Publio |
| 653 | |a Literatura latinna-estudios sobre | ||
| 653 | |a Poesía latina, estudios sobre | ||
| 700 | 1 | |a Moya del Baño, Francisca, pres. y bibliogr. | |
| 700 | 1 | |a Mauriz Martínez, Antonio, trad. | |
| 859 | |a AR-BHAM |b BIB. HUMANIDADES - General |h 873.07 |i AL15 |p 3654.19 |t Ej.1 | ||
